| 000 | 00752nam a2200205Ia 4500 | ||
|---|---|---|---|
| 003 | GCL | ||
| 008 | 140319s9999 xx 000 0 ara d | ||
| 040 |
_aGCL / _cGCL |
||
| 082 | 0 | 4 |
_aط _b672 _bا ح |
| 100 | 1 | _aاسماعيل عبدالفتاح | |
| 245 | 1 | 0 |
_aالحديد والصلب: قاعدة الصناعات واساس الحضارات / _cاسماعيل عبدالفتاح |
| 260 |
_aالقاهرة : _bوزارة الاعلام الهيئة العامة للاستعلامات ، _c1996 |
||
| 300 |
_a27 ص ؛ _c32سم |
||
| 490 |
_aالهيئة العامة للاستعلامات _v0 |
||
| 650 | 0 | 4 | _aالاطفال |
| 650 | 0 | 4 | _aالحديد |
| 650 | 0 | 4 | _aالحديد - صناعة |
| 650 | 0 | 4 | _aحديد وصلب |
| 942 |
_2ddc _cBK |
||
| 999 |
_c50593 _d50593 |
||